Theory of literature /

Bibliographic Details
Main Authors: Wellek, René, Warren, Austin, 1899-1986 (Author)
Format: Book
Language:English
Published: New York : Harcourt, Brace, [1956]
Edition:2d ed.
Series:A Harvest book, 22
Subjects:

MARC

Tag First Indicator Second Indicator Subfields
LEADER 00000cam a22000005 4500
001 in00001402637
005 20151020052128.0
008 820417s1956 nyu 000 0 eng d
035 |a (OCoLC)08348634 
035 |9 AHM2711AM 
040 |a BOS  |c BOS  |d TXA  |d UtOrBLW 
049 |a TXAM 
090 |a PN45  |b F56 1956b 
100 1 |a Wellek, René. 
245 1 0 |a Theory of literature /  |c [by] René Wellek and Austin Warren. 
250 |a 2d ed. 
264 1 |a New York :  |b Harcourt, Brace,  |c [1956] 
300 |a 368 pages ;  |c 19 cm. 
336 |a text  |b txt  |2 rdacontent 
337 |a unmediated  |b n  |2 rdamedia 
338 |a volume  |b nc  |2 rdacarrier 
490 0 |a A Harvest book,  |v 22 
504 |a Includes bibliographical references and index. 
541 0 |a Donated by Stanley Archer ; October, 1997 
541 0 |a From the Library of Harrison T. Meserole, 2002. 
650 0 |a Literature  |x Philosophy. 
650 0 |a Criticism. 
650 0 |a Literature  |x Study and teaching. 
650 0 |a Literature  |x Aesthetics. 
700 1 |a Warren, Austin,  |d 1899-1986,  |e author. 
999 |a MARS 
999 f f |s 1b7fc752-1776-3333-8787-364d45e10277  |i 8025c3a2-f4ea-3645-8fb5-d3801a196a76  |t 0 
952 f f |p ric  |a Texas A&M University  |b Rellis Campus  |c Joint Library Facility  |s JLF  |d Remote Storage  |t 0  |e PN45 F56 1956b  |h Library of Congress classification  |i unmediated -- volume  |m A14821637194 
998 f f |a PN45 F56 1956b  |t 0  |l Remote Storage